Highest Margin Counties in the 2024 Presidential Election - Statistics

General Stats
  • This quiz has been taken 7 times
  • The average score is 19 of 30
Answer Stats
Margin State County % Correct
863,969 IL Cook
100%
580,413 WA King
100%
367,301 NY Kings
100%
1,227,247 CA Los Angeles
100%
125,235 FL Miami-Dade
100%
424,260 PA Philadelphia
100%
261,125 CA San Francisco
100%
273,109 DC District of Columbia
86%
71,515 AZ Maricopa
86%
419,861 NY New York
86%
358,762 CA Alameda
71%
273,944 MD Montgomery
71%
139,687 TX Montgomery
71%
121,443 NJ Ocean
71%
302,030 MD Prince George's
71%
305,466 MN Hennepin
57%
319,353 MA Middlesex
57%
255,168 OR Multnomah
57%
75,737 NY Suffolk
57%
118,539 UT Utah
57%
72,165 FL Polk
43%
299,820 CA Santa Clara
43%
75,300 FL Brevard
29%
71,547 FL Collier
29%
79,394 SC Horry
29%
111,421 FL Lee
29%
69,683 MI Macomb
29%
70,864 AL Baldwin
14%
67,737 FL Marion
14%
80,239 FL Pasco
14%
No matching quizzes found
Score Distribution
Percent of People with Each Score
Percentile by Number Answered
Your Score History
You have not taken this quiz